000
00151 a2200085 4500
041
_a
eng
100
_a
Disney, Pixar
245
_a
Finding Nemo
942
_c
BK
999
_c
8313
_d
8313